Normal view
MARC view
- تاليف واعداد سيد، علي عبدالله ، م.مشرك سماح كوثراني
Entry Personal Name
001 - CONTROL NUMBER
- control field: 30392
003 - CONTROL NUMBER IDENTIFIER
- control field: JO-AjAnu
005 - DATE AND TIME OF LATEST TRANSACTION
- control field: 20230606075128.0
008 - FIXED-LENGTH DATA ELEMENTS
- fixed length control field: 230606|| aca||aabn | a|a d
040 ## - CATALOGING SOURCE
- Original cataloging agency: JO-AjAnu
- Transcribing agency: JO-AjAnu
100 ## - HEADING--PERSONAL NAME
- Personal name: تاليف واعداد سيد، علي عبدالله ، م.مشرك سماح كوثراني
670 ## - SOURCE DATA FOUND
- Source citation: Work cat.: (JO-AjAnu)15610: تاليف واعداد سيد، علي عبدالله ، م.مشرك سماح كوثراني , author, طرق إشباع الحاجات النفسية للطفل في مراحل العمر المختلفة